00511nam a2200229Ia 450000500170000000800460001702000180006303700100008104000080009104000080009904000080010704100080011504100080012308400080013110000160013924500280015526000230018326000090020636500050021536500080022085600530022820260324150210.0008 260324s9999 xx 000 0 eng d a9781315651859 aEBOOK aCRL beng cCRL 2eng aeng qCRL aRalph Berry 4aThe Art of John Webster bTaylor and Francis c1972 a b195 uhttp://www.taylorfrancis.com/books/9781315651859